000 00661nam a22002177a 4500
003 dpl
005 20180619172649.0
008 180619b xxu||||| |||| 00| 0 eng d
010 _aA-435848
020 _c35.00
035 _aA-435848
037 _bBPPD/PUB
040 _c0
082 _a615.1
100 _aAllen, H.C.
245 _aThe materia medica of the nosodes :
_bwith proving of the x-ray
_cby H.C. Allen
260 _aNew Delhi
_bB. Jain Publishers (P) Ltd
_c1990
270 _a1921,Street no.10, chauhan mandi paharganj
_bNew Delhi
_e110 092
300 _avi.583 p.
_c21 cm ( Hb)
942 _adpl
_cEN
_k615/ALL
_2ddc
_h615
_mALL
999 _c152835
_d152835